Top 5 Songs On Stardust (Yung Lean) - Statistics

General Stats
  • This quiz has been taken 5 times
  • The average score is 3 of 5
Answer Stats
Hint Answer % Correct
11,657,474 Bliss
100%
5,144,130 SummerTime Blood
80%
5,899,179 Trip
80%
1,535,670 Starz2theRainbow
40%
1,621,054 Paradise Lost
20%
No matching quizzes found
Score Distribution
Percent of People with Each Score
Percentile by Number Answered
Your Score History
You have not taken this quiz